书目信息 |
| 题名: |
草坪建植与管理手册
|
|
| 作者: | 韩烈保 主编 | |
| 分册: | ||
| 出版信息: | 北京 中国林业出版社 1999.06 |
|
| 页数: | 297页 | |
| 开本: | 16开 | |
| 丛书名: | ||
| 单 册: | ||
| 中图分类: | S688.4-62 | |
| 科图分类: | ||
| 主题词: | 观赏园艺 , 花卉 , 园林树木 | |
| 电子资源: | ||
| ISBN: | 7-5038-2251-1 | |
| 000 | 00622nam0 2200217 45 | |
| 001 | 0002240952 | |
| 005 | 20010302103138.7 | |
| 010 | @a7-5038-2251-1@d35.90元 | |
| 100 | @a20000224d1999 km y0chiy0120 ea | |
| 101 | @achi | |
| 105 | @a z 000yy | |
| 200 | 1 | @a草坪建植与管理手册@ACao Ping Jian Zhi Yu Guan Li Shou Ce@f韩烈保等主编@FHan Lie Bao Deng Zhu Bian |
| 210 | @a北京@c中国林业出版社@d1999.06 | |
| 215 | @a297页@d16开 | |
| 606 | 0 | @a观赏园艺 |
| 606 | 0 | @a花卉 |
| 606 | 0 | @a园林树木 |
| 690 | @aS688.4-62@v3 | |
| 701 | @a韩烈保@4主编 | |
| 801 | @aCN@bPftUser@c20000224 | |
| 905 | @dS688.4-62@eH037@b325297-301@f5 | |
| 草坪建植与管理手册/韩烈保等主编.-北京:中国林业出版社,1999.06 |
| 297页;16开 |
| ISBN 7-5038-2251-1:35.90元 |
| ● |
| 相关链接 |
|
|
|
正题名:草坪建植与管理手册
索取号:S688.4-62/H037
 
预约/预借
| 序号 | 登录号 | 条形码 | 馆藏地/架位号 | 状态 | 备注 |
| 1 | 325297 | 203252979 | 自科库401/401自科库 68排6列3层/ [索取号:S688.4-62/H037] | 在馆 | |
| 2 | 325298 | 203252988 | 自科库401/401自科库 68排6列3层/ [索取号:S688.4-62/H037] | 在馆 | |
| 3 | 325299 | 203252997 | 自科库401/401自科库 68排6列3层/ [索取号:S688.4-62/H037] | 在馆 | |
| 4 | 325300 | 203253004 | 自科库401/401自科库 68排6列3层/ [索取号:S688.4-62/H037] | 在馆 | |
| 5 | 325301 | 203253013 | 自科库401/401自科库 68排6列3层/ [索取号:S688.4-62/H037] | 在馆 |